000 02315nam a2200313 a 4500
001
003 DO-SdBNP
005 20220718135250.0
007
008 100825s1975 dr c 000 0bspa d
040 _aBPMSU
_bspa
_cBPMSU
082 _a923.57293
_bL965R, 1975
_222
092 _a.
100 1 _aRodríguez Objío, Manuel
_d1838-1871
245 1 0 _aGregorio Luperón e historia de la restauración /
_c Manuel Rodríguez Objío
250 _a
260 _aSantiago de los Caballeros, República Dominicana :
_b Sociedad Dominicana de Bibliófilos ;
_bEditora Santo Domingo,
_c1975
300 _av. :
_b
_c24 cm.
490 _a Sociedad Dominicana de Bibliófilos,
_aCultura dominicana
500 _3Incluye referencias bibliográficas y notas al pie de las páginas
505 0 _aPresentación / Porfirio García Fernández -- Manuel Rodríguez Objío: precursor de la historia nacional / Roberto Cassá -- Nota biográfica / Luis E. Alemar -- Dos cartas -- Prólogo -- Introducción -- Antes de 1863 -- Primer episodio de la restauración -- El 16 de agosto -- Gobierno provisorio de Salcedo -- Campaña de Baní -- La confinación de Luperón a Sabaneta -- Segunda campaña del Este -- Documentos, campaña de Este -- Muerte de Salcedo -- Dictadura del gobierno de Polanco -- Un artículo del Boletín Oficial -- La primera reforma reaccionaria -- La segunda República -- Luperón en el destierro -- Presentación -- Manuel Rodríguez Objío precursor de la historia nacional -- Relaciones con Haití -- El Triunvirato en Santo Domingo: su renuncia -- El Partido Nacional en el poder -- Los baecistas derrocan a Cabral -- Contrarrevolución de los proscritos -- Luperón dirige el movimiento nacionalista -- Proyectos, intrigas y desavenencias -- Actividades de la causa nacional -- Odisea y complicaciones del "Telégrafo" -- Agitaciones contra la anexión a los Estados Unidos -- Post scriptum.
533 _aFacsímil:
_bSantiago, República Dominicana:
_cEditorial El Diario,
_d1939
586 _aPrimer Premio en el Concurso de Historia del Centenario de la Restauración.
600 1 4 _aLuperón Guegorio
_d1839-1897
651 4 _aRepública Dominicana
_xHistoria
_yRestauración, 863-1865
830 _pBiblioteca juvenil Tobogán
910 _aVMateo
942 _2ddc
_cBK
999 _c13471
_d13471